Welcome to CU Library Online Public Access Catalogue (OPAC)

Arthritis self-preservation : (Record no. 4063)

MARC details
000 -LEADER
fixed length control field 00629nam a2200193 a 4500
001 - CONTROL NUMBER
control field 3406202
005 - DATE AND TIME OF LATEST TRANSACTION
control field 20250221192447.0
008 - FIXED-LENGTH DATA ELEMENTS--GENERAL INFORMATION
fixed length control field 891116s1989 okua 000 0 eng
020 ## - INTERNATIONAL STANDARD BOOK NUMBER
International Standard Book Number 0925976008 :
Terms of availability $15.00
050 00 - LIBRARY OF CONGRESS CALL NUMBER
Classification number RC933
Item number .S64 1989
082 00 - DEWEY DECIMAL CLASSIFICATION NUMBER
Classification number 616.7/22
Edition information 20
100 1# - MAIN ENTRY--PERSONAL NAME
Personal name Spencer, Toni.
245 10 - TITLE STATEMENT
Title Arthritis self-preservation :
Remainder of title arthritis can't make me cry /
Statement of responsibility, etc. by Toni Spencer ; [forward [sic] by Arnold L. Katz].
260 ## - PUBLICATION, DISTRIBUTION, ETC.
Place of publication, distribution, etc. Tulsa, OK :
Name of publisher, distributor, etc. Jigsaw Pub. House,
Date of publication, distribution, etc. c1989.
300 ## - PHYSICAL DESCRIPTION
Extent 158 p. :
Other physical details ill. ;
Dimensions 22 cm.
650 #0 - SUBJECT ADDED ENTRY--TOPICAL TERM
Topical term or geographic name entry element Arthritis
General subdivision Patients
-- Rehabilitation.
650 #0 - SUBJECT ADDED ENTRY--TOPICAL TERM
Topical term or geographic name entry element Self, Care, Health.
942 ## - ADDED ENTRY ELEMENTS (KOHA)
Source of classification or shelving scheme Library of Congress Classification
Koha item type Books
Suppress in OPAC No
999 ## -
-- 4063
-- 4063
Holdings
Withdrawn status Lost status Source of classification or shelving scheme Damaged status Not for loan Collection Home library Current library Shelving location Date acquired Total checkouts Full call number Barcode Date last seen Copy number Price effective from Koha item type
    Library of Congress Classification     Non-fiction Science Library (Miotso) Science Library (Miotso) General stacks 02/21/2025   RC933 .S64 SPE SLM00003524 02/21/2025 1 02/21/2025 Books
© 2023-2024 Copyright: Central University Libraries. All Rights Reserved | Created by: Mahone Tech Office